Analysis and synthesis of time delay systems

Guardat en:
Dades bibliogràfiques
Autors principals: Górecki, Henryk (Autor), Fuksa, S (Autor), Grabowski, P (Autor), Korytowski, A (Autor)
Format: Llibre
Idioma:anglès
Publicat: Hoboken John Wiley and Sons 1989
Matèries:
Etiquetes: Afegir etiqueta
Sense etiquetes, Sigues el primer a etiquetar aquest registre!

MARC

LEADER 00000nam a2200000 a 4500
001 UCQ9854
003 CL-VaPUC
008 990121e19890000us |||||||||||||||||eng|d
082 0 4 |a 629.831  |b GOR  |2 21 
100 |a Górecki, Henryk  |e author  |9 424547 
700 0 |a Fuksa, S  |e author  |9 424548 
700 0 |a Grabowski, P  |e author  |9 424549 
700 0 |a Korytowski, A  |e author  |9 424550 
245 1 0 |a Analysis and synthesis of time delay systems 
300 |a 369 p 
942 |c BK 
945 |d 19990121 00:00:00  |a aarredon 
260 |a Hoboken  |b John Wiley and Sons  |c 1989 
650 0 |a Teoría de control  |9 336624 
650 7 |a EQUIPO DE CONTROL  |2 CL-VaPUC  |9 340468 
650 0 |a Control automático  |9 259890 
650 7 |a CONTROL DE SISTEMAS  |2 CL-VaPUC  |9 352951 
650 0 |a Automatización   |9 299909 
650 7 |a INGENIERIA DE SISTEMA  |2 CL-VaPUC  |9 352953 
650 7 |a ECUACIONES DIFERENCIALES FUNCIONALES  |2 CL-VaPUC  |9 269962 
583 |a last modification  |c 20171116 02:22:55  |k Rodrigo Vera 
999 |c 278754  |d 278752 
952 |0 0  |1 0  |4 0  |6 629_831000000000000_GOR_1989  |7 0  |8 A  |9 317517  |a BIBING  |b BIBING  |d 2019-11-20  |i 3498026  |o 629.831 GOR 1989  |p 3498026  |r 2025-01-20  |w 2019-11-20  |y BK  |k EIE